| 000 | 02173nam a2200277 i 4500 | ||
|---|---|---|---|
| 005 | 20250405174607.0 | ||
| 007 | ta | ||
| 008 | 200622s2024 000 0 eng d | ||
| 040 |
_aCO-CtgCURN _bspa _ccoctgcurn _erda |
||
| 082 | 0 |
_aCOP 2024 _bD331 |
|
| 100 | 1 |
_aDe La Rosa Oliva, Jose David, _eauthor. _4aut |
|
| 245 | 1 | 0 |
_aImpacto financiero de los activos biológicos en la explotación ganadera / _cJose David De La Rosa Oliva; Karoll Juliana González Torres: director Liliana Franco. |
| 260 |
_aCartagena de Indias : _bCorporación Universitaria Rafael Núñez, _c2024. |
||
| 300 | _a43 hojas. | ||
| 336 |
_atext _btxt _2rdacontent |
||
| 337 |
_aunmediated _bn _2rdamedia |
||
| 338 |
_avolume _bnc _2rdacarrier |
||
| 502 | _aTrabajo de grado (Contador público). Corporación Universitaria Rafael Núñez. Facultad de Ciencias Administrativas y Contables. Programa de Contaduría Pública, 2024. | ||
| 520 | 8 | _aEl impacto financiero de los activos biológicos en la explotación ganadera es un tema de gran relevancia en el ámbito económico y contable, particularmente en sectores agropecuarios como la ganadería, donde los animales representan un activo esencial para la producción. Los activos biológicos, definidos en las Normas Internacionales de Información Financiera (NIIF) como seres vivos que generan beneficios económicos futuros, se enfrentan a una dinámica de valoración compleja debido a factores biológicos y de mercado que influyen en su valor a lo largo del tiempo. En este contexto, la correcta valoración y contabilización de estos activos se vuelve crucial para que las empresas ganaderas presenten estados financieros precisos que reflejen adecuadamente su situación económica. | |
| 650 | 0 |
_aContaduría pública _xTesis y disertaciones académicas. |
|
| 700 | 1 | _aGonzález Torres, Karoll Juliana. | |
| 700 | 1 |
_aFranco, Liliana, _cdirector. |
|
| 856 | 7 |
_uhttps://unicurn.sharepoint.com/:b:/s/biblioteca/ERgS88b7-3JMrqKQg70mzakBpC_zEhLW6fkcGmEh3fvajQ?e=ZstcU3 _zClick para ver el recurso en texto completo |
|
| 942 |
_2ddc _aMHC _bMHC _cTG _hCOP 2024 _iD331 |
||
| 999 |
_c29506 _d29506 |
||